000 01347nam a2200133Ia 4500
008 220620s9999||||xx |||||||||||||| ||und||
020 _a9783040000000
245 0 _aPlasmas Processes Applied on Metals and Alloys
546 _aEnglish[eng]
650 _acathodic plasma electrolysis deposition||Al2O3 coating||oxidation||solution surface tension||nitrogen plasma||Ga droplet||GaN nanodot||transmission electron microscopy||wurtzite||Zinc-blende||plasma cutting||cut heat affected zone||mini-tensile test||steel plate||residual stress||atmospheric pressure plasma jet||platinum||tin oxide||dye-sensitized solar cells||chloroplatinic acid||tin chloride||self-lubricating||composite coating||titanium||plasma electrolytic oxidation (PEO)||polytetrafluoroethylene (PTFE)||plasma nitriding||atmospheric-pressure plasma||nitrogen dose amount||hydrogen fraction||void||Ti6Al4V lattice structure||Ag-doped TiO2 anatase||spark plasma sintering||selective laser melting||additive manufacturing||antibacterial and photoactivity applications||aluminum||surface||plasma||nitrogen||postdischarge||atmospheric pressure||wettability||organic-inorganic halide perovskite||air plasma||plasma treatment||optoelectronic properties||morphology||n/a
700 _aChen, Jian-Zhang||Chang, Shih-Hang
856 _uhttps://mdpi.com/books/pdfview/book/3840
942 _cEB
999 _c21636
_d21636